Hypotekárne úvery a problematika ich poskytovania bakalárska práca

Guardado en:
Detalles Bibliográficos
Autor principal: Herold, Robert
Autor Corporativo: Národohospodárska fakulta EU. Katedra bankovníctva a medzinárodných financií
Otros Autores: Horvátová, Eva, 1958-
Formato: Libro
Lenguaje:eslovaco
Publicado: Bratislava 2019
Etiquetas: Agregar Etiqueta
Sin Etiquetas, Sea el primero en etiquetar este registro!

MARC

LEADER 00000nbm a2200000 4500
001 0256501
005 20190729122151.9
041 0 |a slo 
044 |a SK 
245 1 0 |a Hypotekárne úvery a problematika ich poskytovania  |b bakalárska práca  |c Robert Herold ; školiteľ: Eva Horvátová 
264 1 |a Bratislava  |c 2019 
300 |a 48 s. 
100 1 |a Herold, Robert 
700 1 |a Horvátová, Eva, 1958- 
710 2 |a Národohospodárska fakulta EU. Katedra bankovníctva a medzinárodných financií